[Event "WCO 2016"]
[Site "?"]
[Date "2016.09.11"]
[Round "9"]
[Board "25"]
[WhiteID "7300450"]
[White "Figueroa Julissa"]
[BlackID "8401489"]
[Black "McDowell Sharon"]
[Result "1/2-1/2"]
[BlackElo "1685"]
[WhiteElo "1787"]
[LiveChessVersion "1.4.8"]

1. e4 {[%clk 1:30:57]} c5 {[%clk 1:30:55]} 2. Nf3 {[%clk 1:31:22]} d6
{[%clk 1:31:19]} 3. d4 {[%clk 1:31:48]} cxd4 {[%clk 1:31:40]} 4. Nxd4
{[%clk 1:32:17]} Nf6 {[%clk 1:32:00]} 5. Nc3 {[%clk 1:32:42]} a6 {[%clk 1:32:22]}
6. a4 {[%clk 1:32:35]} e6 {[%clk 1:28:54]} 7. Be2 {[%clk 1:32:49]} Be7
{[%clk 1:29:18]} 8. O-O {[%clk 1:33:01]} O-O {[%clk 1:27:32]} 9. Kh1
{[%clk 1:31:10]} b6 {[%clk 1:27:44]} 10. f4 {[%clk 1:31:05]} Bb7 {[%clk 1:28:09]}
11. Bf3 {[%clk 1:31:09]} d5 {[%clk 1:11:49]} 12. e5 {[%clk 1:25:47]} Ne4
{[%clk 1:11:51]} 13. Qd3 {[%clk 1:25:44]} Nxc3 {[%clk 1:07:47]} 14. Qxc3
{[%clk 1:25:59]} Qd7 {[%clk 1:07:32]} 15. Be3 {[%clk 1:22:13]} Rc8
{[%clk 1:07:00]} 16. Qe1 {[%clk 1:21:46]} Nc6 {[%clk 1:07:28]} 17. c3
{[%clk 1:12:03]} Nxd4 {[%clk 1:05:49]} 18. Bxd4 {[%clk 1:12:01]} Bc5
{[%clk 1:05:56]} 19. Qf2 {[%clk 0:58:59]} Bxd4 {[%clk 0:53:32]} 20. Qxd4
{[%clk 0:49:13]} b5 {[%clk 0:53:26]} 21. axb5 {[%clk 0:48:54]} Qxb5
{[%clk 0:53:38]} 22. Qd2 {[%clk 0:48:19]} Rc7 {[%clk 0:47:40]} 23. Be2
{[%clk 0:44:35]} Qc6 {[%clk 0:46:15]} 24. Bd3 {[%clk 0:43:09]} a5
{[%clk 0:43:10]} 25. Rfc1 {[%clk 0:31:50]} a4 {[%clk 0:31:58]} 26. Bf1
{[%clk 0:29:32]} Ba6 {[%clk 0:31:43]} 27. Bxa6 {[%clk 0:27:30]} Rxa6
{[%clk 0:30:37]} 28. Qd4 {[%clk 0:21:52]} Qc4 {[%clk 0:21:35]} 29. Qxc4
{[%clk 0:19:41]} Rxc4 {[%clk 0:21:57]} 30. g3 {[%clk 0:20:06]} Rb6
{[%clk 0:21:38]} 31. Ra2 {[%clk 0:19:50]} h6 {[%clk 0:21:39]} 32. Kg2
{[%clk 0:18:13]} f6 {[%clk 0:20:26]} 33. exf6 {[%clk 0:16:53]} gxf6
{[%clk 0:20:46]} 34. Rd1 {[%clk 0:15:20]} Rb5 {[%clk 0:18:06]} 35. Kf3
{[%clk 0:14:50]} Kg7 {[%clk 0:17:32]} 36. Rd4 {[%clk 0:14:04]} Rxd4
{[%clk 0:16:35]} 37. cxd4 {[%clk 0:14:33]} Rb4 {[%clk 0:16:44]} 38. Ke3
{[%clk 0:14:51]} Kg6 {[%clk 0:17:10]} 39. Kd3 {[%clk 0:13:10]} Kf5
{[%clk 0:17:11]} 40. Kc3 {[%clk 0:43:20]} Rc4+ {[%clk 0:46:45]} 41. Kd3
{[%clk 0:43:45]} Kg4 {[%clk 0:46:48]} 42. Ra3 {[%clk 0:43:43]} Kh3
{[%clk 0:38:19]} 43. b3 {[%clk 0:44:04]} axb3 {[%clk 0:38:28]} 44. Rxb3
{[%clk 0:44:33]} Rc6 {[%clk 0:37:13]} 45. Rb7 {[%clk 0:39:14]} Kg4
{[%clk 0:35:20]} 46. Rg7+ {[%clk 0:32:16]} Kf5 {[%clk 0:35:31]} 47. Rh7
{[%clk 0:30:08]} Kg6 {[%clk 0:33:05]} 48. Re7 {[%clk 0:28:05]} Ra6
{[%clk 0:32:23]} 49. Kc3 {[%clk 0:28:03]} Kf5 {[%clk 0:30:16]} 50. Rh7
{[%clk 0:25:16]} Rc6+ {[%clk 0:26:55]} 51. Kd3 {[%clk 0:24:58]} Kg6
{[%clk 0:24:08]} 52. Re7 {[%clk 0:25:21]} Ra6 {[%clk 0:21:28]} 53. Kc3
{[%clk 0:25:22]} Ra3+ {[%clk 0:19:49]} 54. Kb4 {[%clk 0:25:36]} Re3
{[%clk 0:20:07]} 55. Kc5 {[%clk 0:22:49]} Re2 {[%clk 0:19:51]} 56. Kd6
{[%clk 0:22:10]} Kf5 {[%clk 0:19:40]} 57. h3 {[%clk 0:20:33]} Re3
{[%clk 0:17:55]} 58. g4+ {[%clk 0:20:35]} Kxf4 {[%clk 0:18:13]} 59. Rxe6
{[%clk 0:21:00]} Rxe6+ {[%clk 0:18:38]} 60. Kxe6 {[%clk 0:21:22]} Ke4
{[%clk 0:19:03]} 61. Kxf6 {[%clk 0:21:29]} Kxd4 {[%clk 0:19:29]} 62. g5
{[%clk 0:21:30]} hxg5 {[%clk 0:19:57]} 63. Kxg5 {[%clk 0:21:53]} Ke4
{[%clk 0:19:20]} 64. h4 {[%clk 0:21:39]} d4 {[%clk 0:19:49]} 65. h5
{[%clk 0:22:02]} d3 {[%clk 0:20:02]} 66. h6 {[%clk 0:22:29]} d2 {[%clk 0:20:29]}
67. h7 {[%clk 0:22:56]} d1=Q 68. h8=Q Qg1+ {[%clk 0:17:40]} 69. Kh6
{[%clk 0:23:00]} Qe3+ {[%clk 0:12:43]} 70. Kh7 {[%clk 0:22:37]} Qh3+
{[%clk 0:12:49]} 1/2-1/2

[Event "WCO 2016"]
[Site "?"]
[Date "2016.09.11"]
[Round "9"]
[Board "26"]
[WhiteID "8400474"]
[White "Ortiz Katherine Berenice"]
[BlackID "7301057"]
[Black "Sotomayor Villatoro Silvi"]
[Result "1-0"]
[BlackElo "1876"]
[WhiteElo "1857"]
[LiveChessVersion "1.4.8"]

1. e4 {[%clk 1:30:42]} c5 {[%clk 1:30:53]} 2. Nf3 {[%clk 1:30:45]} e6
{[%clk 1:31:16]} 3. d4 {[%clk 1:30:40]} cxd4 {[%clk 1:31:40]} 4. Nxd4
{[%clk 1:31:05]} a6 {[%clk 1:32:05]} 5. Bd3 {[%clk 1:29:31]} Qc7 {[%clk 1:31:37]}
6. O-O {[%clk 1:27:55]} Nf6 {[%clk 1:31:22]} 7. Kh1 {[%clk 1:25:33]} b6
{[%clk 1:29:27]} 8. Nc3 {[%clk 1:25:38]} Bb7 {[%clk 1:29:22]} 9. Qe2
{[%clk 1:25:54]} d6 {[%clk 1:29:37]} 10. Bd2 {[%clk 1:25:29]} Nbd7
{[%clk 1:29:46]} 11. f4 {[%clk 1:25:13]} g6 {[%clk 1:24:31]} 12. Rae1
{[%clk 1:19:32]} Bg7 {[%clk 1:20:28]} 13. Nf3 {[%clk 1:15:58]} O-O
{[%clk 1:15:40]} 14. Qf2 {[%clk 0:57:12]} Nc5 {[%clk 1:09:04]} 15. Qh4
{[%clk 0:54:16]} b5 {[%clk 0:54:51]} 16. a3 {[%clk 0:54:13]} d5 {[%clk 0:50:23]}
17. e5 {[%clk 0:44:34]} Nfe4 {[%clk 0:50:39]} 18. Nxe4 {[%clk 0:38:57]} dxe4
{[%clk 0:49:29]} 19. Ng5 {[%clk 0:37:04]} h6 {[%clk 0:49:51]} 20. Nxe4
{[%clk 0:36:58]} Nxe4 {[%clk 0:50:12]} 21. Rxe4 {[%clk 0:24:16]} Bxe4
{[%clk 0:42:17]} 22. Bxe4 {[%clk 0:24:42]} Rad8 {[%clk 0:42:11]} 23. Bd3
{[%clk 0:24:11]} Rd7 {[%clk 0:41:17]} 24. Qe1 {[%clk 0:24:01]} Rc8
{[%clk 0:38:28]} 25. Bc3 {[%clk 0:21:32]} Bf8 {[%clk 0:37:21]} 26. Qg3
{[%clk 0:19:22]} Kh7 {[%clk 0:33:45]} 27. h4 {[%clk 0:19:27]} h5 {[%clk 0:27:38]}
28. Qf3 {[%clk 0:17:20]} Bxa3 {[%clk 0:25:23]} 29. Qxh5+ {[%clk 0:17:36]} Kg7
{[%clk 0:25:39]} 30. Qg4 {[%clk 0:16:23]} Rxd3 {[%clk 0:11:46]} 31. cxd3
{[%clk 0:16:43]} b4 {[%clk 0:12:15]} 32. Bd2 {[%clk 0:12:30]} Bxb2
{[%clk 0:11:18]} 33. Bxb4 {[%clk 0:12:54]} a5 {[%clk 0:11:24]} 34. Bd6
{[%clk 0:13:07]} Qd7 {[%clk 0:08:53]} 35. Qg5 {[%clk 0:07:11]} a4
{[%clk 0:09:04]} 36. Qf6+ {[%clk 0:07:06]} Kh6 {[%clk 0:08:51]} 37. h5
{[%clk 0:06:29]} a3 {[%clk 0:08:32]} 38. hxg6 {[%clk 0:05:44]} Qd8
{[%clk 0:01:53]} 39. Qxd8 {[%clk 0:01:52]} Rxd8 {[%clk 0:02:13]} 40. gxf7
{[%clk 0:32:17]} Kg7 {[%clk 0:32:14]} 41. f8=Q+ {[%clk 0:32:38]} Rxf8
{[%clk 0:32:43]} 42. Bxf8+ {[%clk 0:32:32]} Kxf8 {[%clk 0:33:12]} 43. g4
{[%clk 0:32:37]} a2 {[%clk 0:33:13]} 44. Kg2 {[%clk 0:32:53]} a1=Q
{[%clk 0:33:40]} 45. Rxa1 {[%clk 0:33:05]} Bxa1 {[%clk 0:34:09]} 46. Kf3
{[%clk 0:33:15]} Bc3 {[%clk 0:31:30]} 47. Ke4 {[%clk 0:33:33]} Kf7
{[%clk 0:30:41]} 48. d4 {[%clk 0:32:31]} Bb2 {[%clk 0:28:16]} 49. f5
{[%clk 0:32:30]} Bc1 {[%clk 0:26:54]} 50. fxe6+ {[%clk 0:30:26]} Kxe6
{[%clk 0:27:11]} 51. d5+ {[%clk 0:30:51]} Ke7 {[%clk 0:25:50]} 52. Kf5
{[%clk 0:31:12]} Ba3 {[%clk 0:24:15]} 53. g5 {[%clk 0:30:34]} Kf7
{[%clk 0:23:22]} 54. d6 {[%clk 0:30:00]} Bb4 {[%clk 0:21:25]} 55. e6+
{[%clk 0:28:03]} Ke8 {[%clk 0:17:02]} 56. g6 {[%clk 0:26:34]} Bc3
{[%clk 0:17:14]} 57. Ke4 {[%clk 0:25:31]} Bf6 {[%clk 0:16:29]} 58. Kd5
{[%clk 0:25:49]} Kf8 {[%clk 0:12:20]} 59. Kc6 {[%clk 0:25:56]} Ke8
{[%clk 0:08:25]} 60. Kc7 {[%clk 0:25:57]} Be5 {[%clk 0:08:51]} 61. Kc8
{[%clk 0:19:56]} Bf6 {[%clk 0:02:48]} 62. d7+ {[%clk 0:19:58]} 1-0

[Event "WCO 2016"]
[Site "?"]
[Date "2016.09.11"]
[Round "9"]
[Board "27"]
[WhiteID "7300115"]
[White "Mazariegos Silvia Carolina"]
[BlackID "8400482"]
[Black "Fernandez Alacha Mirna Graciela"]
[Result "1/2-1/2"]
[BlackElo "1528"]
[WhiteElo "1942"]
[LiveChessVersion "1.4.8"]

1. d4 {[%clk 1:30:55]} f5 {[%clk 1:30:41]} 2. e4 {[%clk 1:31:12]} fxe4
{[%clk 1:23:56]} 3. Nc3 {[%clk 1:29:51]} e6 {[%clk 1:20:13]} 4. Nxe4
{[%clk 1:30:08]} d5 {[%clk 1:20:01]} 5. Ng3 {[%clk 1:29:20]} Nf6 {[%clk 1:19:29]}
6. Bd3 {[%clk 1:28:21]} c5 {[%clk 1:14:14]} 7. dxc5 {[%clk 1:18:35]} Bxc5
{[%clk 1:14:07]} 8. f4 {[%clk 1:18:43]} Qb6 {[%clk 1:11:05]} 9. Nh3
{[%clk 1:14:54]} Nc6 {[%clk 0:59:58]} 10. c3 {[%clk 1:13:14]} O-O
{[%clk 0:47:46]} 11. b4 {[%clk 1:09:04]} Be3 {[%clk 0:46:11]} 12. Qe2
{[%clk 0:46:55]} Bxc1 {[%clk 0:42:49]} 13. Rxc1 {[%clk 0:47:21]} e5
{[%clk 0:32:12]} 14. f5 {[%clk 0:38:43]} e4 {[%clk 0:28:58]} 15. Bb1
{[%clk 0:38:48]} Ne5 {[%clk 0:25:02]} 16. Nf2 {[%clk 0:37:43]} Bd7
{[%clk 0:23:01]} 17. Nd1 {[%clk 0:10:39]} a5 {[%clk 0:11:08]} 18. Qe3
{[%clk 0:06:59]} Qxe3+ {[%clk 0:10:21]} 19. Nxe3 {[%clk 0:07:26]} axb4
{[%clk 0:10:27]} 20. cxb4 {[%clk 0:07:39]} Ra4 {[%clk 0:10:37]} 21. O-O
{[%clk 0:06:27]} Rxb4 {[%clk 0:10:23]} 22. Rc5 {[%clk 0:04:55]} Bc6
{[%clk 0:09:27]} 23. Rd1 {[%clk 0:03:20]} Re8 {[%clk 0:06:47]} 24. Ne2
{[%clk 0:02:10]} Nc4 {[%clk 0:05:28]} 25. Nxc4 {[%clk 0:01:30]} Rxc4
{[%clk 0:05:08]} 26. Rxc4 {[%clk 0:01:15]} dxc4 {[%clk 0:05:31]} 27. a3
{[%clk 0:01:06]} Kf8 {[%clk 0:01:58]} 28. Ba2 {[%clk 0:01:04]} b5
{[%clk 0:01:34]} 29. Nd4 {[%clk 0:00:59]} Bd7 {[%clk 0:01:47]} 30. Rb1
{[%clk 0:00:55]} e3 {[%clk 0:01:36]} 31. Kf1 {[%clk 0:01:09]} Ra8
{[%clk 0:01:06]} 32. Nxb5 {[%clk 0:01:05]} Bxf5 {[%clk 0:01:25]} 33. Rc1
{[%clk 0:01:24]} Bd3+ {[%clk 0:01:41]} 34. Ke1 {[%clk 0:01:51]} Ra5
{[%clk 0:01:07]} 35. Nd6 {[%clk 0:01:46]} Rxa3 {[%clk 0:01:26]} 36. Bxc4
{[%clk 0:02:00]} Bxc4 {[%clk 0:01:05]} 37. Nxc4 {[%clk 0:01:54]} Rb3
{[%clk 0:01:19]} 38. h3 {[%clk 0:01:02]} Nh5 {[%clk 0:00:59]} 39. Ne5
{[%clk 0:01:05]} Ng3 {[%clk 0:00:55]} 40. Ng4 {[%clk 0:30:59]} e2
{[%clk 0:30:51]} 41. Nh2 {[%clk 0:31:08]} Rd3 {[%clk 0:30:39]} 42. Nf3
{[%clk 0:30:13]} 1/2-1/2

[Event "WCO 2016"]
[Site "?"]
[Date "2016.09.11"]
[Round "9"]
[Board "25"]
[WhiteID "11301287"]
[White "Francis Onkemetse"]
[BlackID "11001305"]
[Black "Wakuruwarewa Colletta"]
[Result "0-1"]
[BlackElo "1716"]
[WhiteElo "1777"]
[LiveChessVersion "1.4.8"]

1. e4 {[%clk 1:30:56]} e6 {[%clk 1:30:39]} 2. d4 {[%clk 1:29:07]} d5
{[%clk 1:30:40]} 3. e5 {[%clk 1:29:32]} c5 {[%clk 1:30:22]} 4. c3
{[%clk 1:29:56]} Nc6 {[%clk 1:30:35]} 5. Nf3 {[%clk 1:29:20]} Qb6
{[%clk 1:26:47]} 6. Bd3 {[%clk 1:29:36]} Bd7 {[%clk 1:27:02]} 7. Bc2
{[%clk 1:29:59]} cxd4 {[%clk 1:24:59]} 8. cxd4 {[%clk 1:30:22]} Nb4
{[%clk 1:22:06]} 9. O-O {[%clk 1:14:28]} Nxc2 {[%clk 1:18:33]} 10. Qxc2
{[%clk 1:14:52]} Ne7 {[%clk 1:18:48]} 11. Nc3 {[%clk 1:14:24]} Nc6
{[%clk 1:18:13]} 12. Be3 {[%clk 1:13:07]} Be7 {[%clk 1:13:21]} 13. Rac1
{[%clk 1:11:07]} f6 {[%clk 1:11:37]} 14. Qd2 {[%clk 1:03:40]} O-O
{[%clk 1:05:22]} 15. exf6 {[%clk 1:00:52]} Bxf6 {[%clk 1:03:56]} 16. Rfe1
{[%clk 1:00:53]} Be8 {[%clk 1:02:55]} 17. Ne2 {[%clk 0:53:14]} Qb4
{[%clk 1:01:44]} 18. Qc3 {[%clk 0:47:22]} Bg6 {[%clk 0:53:04]} 19. Nf4
{[%clk 0:40:19]} Bf5 {[%clk 0:50:40]} 20. a3 {[%clk 0:34:52]} Qxc3
{[%clk 0:49:52]} 21. Rxc3 {[%clk 0:32:52]} Be4 {[%clk 0:49:13]} 22. Nxe6
{[%clk 0:31:18]} Bxf3 {[%clk 0:48:07]} 23. Nxf8 {[%clk 0:24:51]} Bg4
{[%clk 0:48:05]} 24. h3 {[%clk 0:21:06]} Bc8 {[%clk 0:47:55]} 25. Nxh7
{[%clk 0:20:26]} Kxh7 {[%clk 0:48:15]} 26. Rc5 {[%clk 0:20:53]} Nxd4
{[%clk 0:43:37]} 27. Rxd5 {[%clk 0:17:19]} Nc2 {[%clk 0:43:37]} 28. Re2
{[%clk 0:16:47]} Be6 {[%clk 0:35:22]} 29. Rd6 {[%clk 0:14:17]} Bb3
{[%clk 0:34:03]} 30. Rd7 {[%clk 0:11:21]} b6 {[%clk 0:33:10]} 31. Rc7
{[%clk 0:10:37]} Nxe3 {[%clk 0:29:19]} 32. fxe3 {[%clk 0:10:08]} b5
{[%clk 0:27:36]} 33. Rd2 {[%clk 0:09:56]} Be5 {[%clk 0:26:32]} 34. Re7
{[%clk 0:09:55]} Bf6 {[%clk 0:23:38]} 35. Rc7 {[%clk 0:10:02]} a5
{[%clk 0:23:07]} 36. Rf2 {[%clk 0:09:34]} Kg8 {[%clk 0:21:00]} 37. g4
{[%clk 0:08:34]} Rd8 {[%clk 0:20:29]} 38. Re2 {[%clk 0:07:38]} Rd1+
{[%clk 0:16:12]} 39. Kf2 {[%clk 0:05:10]} Rb1 {[%clk 0:13:38]} 40. Rc5
{[%clk 0:34:12]} Bc4 {[%clk 0:43:23]} 41. Rd2 {[%clk 0:32:41]} a4
{[%clk 0:40:22]} 42. g5 {[%clk 0:26:16]} Rxb2 {[%clk 0:39:28]} 43. Rxb2
{[%clk 0:25:03]} Bxb2 {[%clk 0:38:37]} 44. g6 {[%clk 0:24:14]} Bxa3
{[%clk 0:38:56]} 45. Rc8+ {[%clk 0:24:03]} Bf8 {[%clk 0:39:12]} 46. e4
{[%clk 0:23:29]} a3 {[%clk 0:39:38]} 47. Ra8 {[%clk 0:21:27]} b4 {[%clk 0:39:03]}
48. Ke3 {[%clk 0:21:07]} b3 {[%clk 0:39:26]} 49. Kd2 {[%clk 0:21:23]} b2
{[%clk 0:39:31]} 0-1

[Event "WCO 2016"]
[Site "?"]
[Date "2016.09.11"]
[Round "9"]
[Board "26"]
[WhiteID "11001313"]
[White "Zengeni Tatenda Melisa"]
[BlackID "11301422"]
[Black "Mbo Mabedi"]
[Result "1/2-1/2"]
[BlackElo "1531"]
[WhiteElo "1649"]
[LiveChessVersion "1.4.8"]

1. d4 {[%clk 1:30:55]} f5 {[%clk 1:30:51]} 2. e3 {[%clk 1:30:13]} e6
{[%clk 1:31:14]} 3. c4 {[%clk 1:26:34]} Nf6 {[%clk 1:31:33]} 4. Nc3
{[%clk 1:26:28]} Be7 {[%clk 1:31:52]} 5. Nf3 {[%clk 1:26:11]} O-O
{[%clk 1:32:08]} 6. Bd3 {[%clk 1:25:28]} d6 {[%clk 1:32:22]} 7. O-O
{[%clk 1:25:25]} Bd7 {[%clk 1:32:15]} 8. e4 {[%clk 1:24:56]} fxe4
{[%clk 1:31:12]} 9. Nxe4 {[%clk 1:24:59]} d5 {[%clk 1:28:54]} 10. Nxf6+
{[%clk 1:23:10]} Bxf6 {[%clk 1:29:04]} 11. Qc2 {[%clk 1:21:46]} h6
{[%clk 1:25:24]} 12. Bh7+ {[%clk 1:12:25]} Kh8 {[%clk 1:20:47]} 13. Ne5
{[%clk 1:06:32]} Be8 {[%clk 1:14:16]} 14. Bf4 {[%clk 0:51:45]} Nc6
{[%clk 1:14:29]} 15. Nxc6 {[%clk 0:43:49]} Bxc6 {[%clk 1:12:30]} 16. Bg6
{[%clk 0:38:15]} dxc4 {[%clk 1:12:17]} 17. Qxc4 {[%clk 0:28:57]} Qxd4
{[%clk 1:12:20]} 18. Qxd4 {[%clk 0:26:59]} Bxd4 {[%clk 1:12:46]} 19. Bxc7
{[%clk 0:27:12]} Bxb2 {[%clk 1:12:50]} 20. Rab1 {[%clk 0:26:42]} Bd4
{[%clk 1:11:54]} 21. Rbd1 {[%clk 0:24:47]} e5 {[%clk 1:10:18]} 22. Rd2
{[%clk 0:23:17]} Rac8 {[%clk 1:09:30]} 23. Ba5 {[%clk 0:22:47]} b6
{[%clk 1:08:57]} 24. Bb4 {[%clk 0:22:46]} Rf6 {[%clk 1:09:23]} 25. Bb1
{[%clk 0:21:42]} a5 {[%clk 1:08:49]} 26. Ba3 {[%clk 0:21:33]} Ba4
{[%clk 1:05:09]} 27. Be4 {[%clk 0:18:11]} Rf4 {[%clk 0:57:25]} 28. Bb7
{[%clk 0:15:24]} Rc7 {[%clk 0:57:15]} 29. Bf3 {[%clk 0:11:52]} Kh7
{[%clk 0:53:45]} 30. Bb2 {[%clk 0:09:33]} Rc2 {[%clk 0:51:04]} 31. Rxc2
{[%clk 0:06:20]} Bxc2 {[%clk 0:51:22]} 32. Bc1 {[%clk 0:05:16]} Rf6
{[%clk 0:50:49]} 33. Be3 {[%clk 0:03:25]} Bxe3 {[%clk 0:49:05]} 34. fxe3
{[%clk 0:03:53]} e4 {[%clk 0:49:17]} 35. Be2 {[%clk 0:03:20]} Rxf1+
{[%clk 0:49:26]} 36. Kxf1 {[%clk 0:03:49]} Kg6 {[%clk 0:48:56]} 37. Bb5
{[%clk 0:04:05]} Bb1 {[%clk 0:49:10]} 38. a3 {[%clk 0:04:26]} Ba2
{[%clk 0:49:23]} 39. Kf2 {[%clk 0:04:10]} Kf6 {[%clk 0:49:20]} 40. Kg3
{[%clk 0:33:43]} Bb1 {[%clk 1:19:39]} 41. Kg4 {[%clk 0:32:01]} Bd3
{[%clk 1:20:04]} 42. Bc6 {[%clk 0:31:54]} b5 {[%clk 1:20:13]} 43. Kf4
{[%clk 0:31:56]} g5+ {[%clk 1:20:33]} 44. Kg4 {[%clk 0:31:57]} Be2+
{[%clk 1:20:13]} 45. Kg3 {[%clk 0:32:11]} Ke5 {[%clk 1:20:00]} 46. Kf2
{[%clk 0:31:41]} Bc4 {[%clk 1:20:08]} 47. Ke1 {[%clk 0:31:49]} b4
{[%clk 1:20:13]} 48. axb4 {[%clk 0:31:47]} axb4 {[%clk 1:19:49]} 49. Kd2
{[%clk 0:32:34]} Bd3 {[%clk 1:18:13]} 50. Kc1 {[%clk 0:30:58]} Kd6
{[%clk 1:18:40]} 51. Ba4 {[%clk 0:31:10]} Kc5 {[%clk 1:16:48]} 52. Kb2
{[%clk 0:31:22]} Bf1 {[%clk 1:16:37]} 53. g3 {[%clk 0:31:44]} Kc4
{[%clk 1:16:34]} 54. Bc2 {[%clk 0:27:05]} Bd3 {[%clk 1:16:39]} 55. Bb3+
{[%clk 0:27:22]} Kb5 {[%clk 1:15:44]} 56. Bd5 {[%clk 0:26:34]} Kc5
{[%clk 1:15:48]} 57. Bf7 {[%clk 0:25:18]} Bc4 {[%clk 1:16:05]} 58. Bh5
{[%clk 0:23:57]} Bd5 {[%clk 1:15:49]} 59. Be2 {[%clk 0:24:01]} Kd6
{[%clk 1:14:10]} 60. Bd1 {[%clk 0:24:00]} Ke5 {[%clk 1:14:01]} 61. Bb3
{[%clk 0:20:23]} Bc6 {[%clk 1:13:19]} 62. Bc4 {[%clk 0:20:24]} Kd6
{[%clk 1:13:39]} 63. Kb3 {[%clk 0:19:23]} Kc5 {[%clk 1:14:06]} 64. Bf7
{[%clk 0:18:51]} Bb5 {[%clk 1:13:19]} 65. Bg8 {[%clk 0:19:02]} Bf1
{[%clk 1:13:11]} 66. Bf7 {[%clk 0:19:03]} Bg2 {[%clk 1:13:28]} 67. Bg8
{[%clk 0:16:10]} Bf3 {[%clk 1:12:14]} 68. Bf7 {[%clk 0:16:29]} Bd1+
{[%clk 1:11:23]} 69. Kb2 {[%clk 0:16:46]} Kb5 {[%clk 1:11:36]} 70. Bd5
{[%clk 0:16:42]} Bf3 {[%clk 1:11:06]} 71. Kb3 {[%clk 0:16:33]} Kc5
{[%clk 1:09:57]} 72. Bf7 {[%clk 0:16:31]} Bd1+ {[%clk 1:10:15]} 73. Kb2
{[%clk 0:16:50]} Ba4 {[%clk 1:10:30]} 74. Bg8 {[%clk 0:16:52]} Kd6
{[%clk 1:08:42]} 75. Bf7 {[%clk 0:16:38]} Ke7 {[%clk 1:08:10]} 76. Bd5
{[%clk 0:16:52]} Kd6 {[%clk 1:07:57]} 77. Bxe4 {[%clk 0:17:14]} Ke5
{[%clk 1:07:41]} 78. Bd3 {[%clk 0:16:42]} Bc6 {[%clk 1:08:00]} 79. Kb3
{[%clk 0:16:56]} Be4 {[%clk 1:08:19]} 80. Be2 {[%clk 0:16:15]} Bg2
{[%clk 1:07:28]} 81. Bd3 {[%clk 0:15:12]} Be4 {[%clk 1:06:37]} 82. Ba6
{[%clk 0:14:53]} Bd5+ {[%clk 1:06:44]} 83. Kxb4 {[%clk 0:14:02]} Ke4
{[%clk 1:06:59]} 84. Kc5 {[%clk 0:13:21]} Ba8 {[%clk 1:06:49]} 85. Bc8
{[%clk 0:12:38]} Kxe3 {[%clk 1:07:11]} 86. Kd6 {[%clk 0:10:38]} Kf3
{[%clk 1:07:37]} 87. Ke5 {[%clk 0:08:18]} Kg2 {[%clk 1:08:04]} 88. Kf5
{[%clk 0:08:20]} Kxh2 {[%clk 1:07:13]} 89. g4 {[%clk 0:08:48]} Kg3
{[%clk 1:06:39]} 90. Kg6 {[%clk 0:09:14]} Kf3 {[%clk 1:05:38]} 91. Kxh6
{[%clk 0:11:34]} 1/2-1/2